| 000 | 00960cam a22002054a 4500 | ||
|---|---|---|---|
| 005 | 20250605164208.0 | ||
| 008 | 250528s ||||||||||||||||||||||||d | ||
| 035 | _a20122 | ||
| 020 | _a19551730 | ||
| 040 |
_aGR-AtMCL _bgre _dGR-AtMCL _eAACR2 |
||
| 245 | 1 | _aEthics for Health Care / Second Edition | |
| 250 | _a2nd | ||
| 260 |
_bOxford University Press, _c2004 |
||
| 300 | _a222 | ||
| 520 | _aEthics for Health Care considers ethics in the context of routine health care. List of Exercise, Preface, Acknowledgements, Abbreviations, Caring as Professionals, Caring as Service Provision, Enter the Patient, The Client and Career Relationship, When the Patient is Young and Old or Incapacitated, At the Beginning and End of Life, Caring in an Institutional and Social Context, Monitoring and Education, And So to Research, Ethics Theories, Bibliography, Index. | ||
| 700 | 1 |
_aBerglund Catherine _96172 |
|
| 942 | _cBK | ||
| 999 |
_c5261 _d5261 |
||